College Football Teams That Have Made The Top 25 - Statistics

General Stats
  • This quiz has been taken 94 times
  • The average score is 25 of 44
Answer Stats
Weeks Answer % Correct
140 Alabama
98%
36 Georgia
91%
34 Michigan
88%
105 Ohio State
88%
45 Texas
88%
41 Florida
85%
72 Florida State
81%
38 LSU
78%
101 Oklahoma
78%
8 Oregon
78%
91 USC
76%
25 Clemson
74%
68 Miami
73%
21 Penn State
73%
18 Tennessee
73%
7 Texas A&M
73%
9 Auburn
69%
29 Michigan State
69%
7 UCLA
68%
98 Notre Dame
66%
15 Washington
65%
2 TCU
58%
5 Ole Miss
56%
70 Nebraska
55%
1 Arkansas
54%
7 Colorado
54%
1 Wisconsin
53%
5 Mississippi State
49%
11 Iowa
46%
18 Minnesota
46%
4 BYU
45%
2 Missouri
45%
1 North Carolina
43%
3 Virginia
43%
7 Syracuse
41%
27 Army
36%
6 Maryland
35%
5 Purdue
34%
21 Pittsburgh
26%
2 SMU
25%
4 California
24%
1 Boston College
20%
5 Northwestern
18%
4 Cornell
0%
No matching quizzes found
Score Distribution
Percent of People with Each Score
Percentile by Number Answered
Your Score History
You have not taken this quiz